| 000 | 00000nam 2200000za 4500 |
| 001 | 9.593181 |
| 003 | CaOODSP |
| 005 | 20210624201708 |
| 007 | cr ||||||||||| |
| 008 | 150406s2006||||xxc|||||o f|0| 0 fre d |
| 020 | |a0-662-71731-7 |
| 040 | |aCaOODSP|bfre |
| 043 | |an-cn--- |
| 086 | 1 |aCW69-14/463-2006F-PDF |
| 110 | 2 |aService canadien de la faune. |
| 245 | 10|aÉvaluation et rapport de situation du COSEPAC sur le Requin bleu, Prionace glauca, population de l'Atlantique, population du Pacifique, au Canada |h[ressource électronique]. |
| 260 | |aOttawa : |bEnvironnement Canada, |c2006. |
| 300 | |a59 p.|bgraphiques, ill., cartes, références, tableaux, photographies |
| 500 | |a«Population de l'Atlantique – préoccupante, population du Pacifique – données insufisantes, 2006» |
| 500 | |aPubl. aussi en anglais sous le titre : COSEWIC assessment and status report on the Blue shark, Prionace glauca, Atlantic population, Pacific population, in Canada. |
| 590 | |a07-04|b2007-01-26 |
| 691 | 07|aEspèce menacée|2gcpds |
| 691 | 07|aPoisson|2gcpds |
| 775 | 08|tCOSEWIC assessment and status report on the Blue shark, Prionace glauca, Atlantic population, Pacific population, in Canada |w(CaOODSP)9.560512 |
| 794 | |tÉvaluation et rapport de situation du COSEPAC sur le Requin bleu, Prionace glauca, population de l'Atlantique Nord, population du Pacifique Nord, au Canada |w(CaOODSP)9.833098 |
| 856 | 40|ahttp://publications.gc.ca|qPDF|s3420 Ko|uhttps://publications.gc.ca/collections/Collection/CW69-14-463-2006F.pdf|yN° 463 |